000 01263nam a2200313 a 4500
001 000004535
003 DO-SdBNP
005 20250626111940.0
007 ta
008 090723s2008 dr 001 0 spa d
020 _a9789945443202
040 _aDO-SdBNP
_bspa
_cBNPHU
082 4 _a972.93053
_bB796c, 2008
_222
100 1 _aBrache Batista, Anselmo,
_d1935 -
_97268
245 1 0 _aConstanza, Maimón y Estero Hondo :
_btestimonios e investigación sobre los acontecimientos /
_cAnselmo Brache Batista
250 _a3a ed. ampliada y corr.
260 _aSanto Domingo :
_bBanco Central de la República Dominicana,
_c2008.
300 _a424 p. :
_bil. ; mapa ;
_c27 cm.
490 0 _aBanco Central de la República Dominicana
_v103
490 0 _aCiencias sociales
_v19
500 _a"Libro galardonado por la Fundación Héroes de Constanza, Maimón, Estero Hondo"
504 _aIncluye referencias bibliográficas y notas al pie de las páginas
590 _aInventariado, 2022/BT
650 4 _aGuerrillas
_zRepública Dominicana
_xHistoria
_97270
651 4 _aRepública Dominicana
_xHistoria
_yInvasión , 1959
_97269
651 4 _aRepública Dominicana
_xHistoriografía
_91457
910 _aValidado. Control de calidad . MMOLINA
942 _2ddc
_cLBS1
999 _c4344
_d4344